[Event "Fiesa op 2nd"]
[Site "Fiesa"]
[Date "2012.10.28"]
[Round "5"]
[White "Kosanovic, Milan"]
[Black "Hrescak, Ivana"]
[Result "0-1"]
[WhiteElo "1650"]
[BlackElo "1696"]
[PlyCount "132"]
[EventDate "2012.10.26"]
[EventType "swiss"]
[EventRounds "5"]
[EventCountry "SLO"]
[SourceTitle "EXT 2015"]
[Source "ChessBase"]
[SourceDate "2014.11.20"]
[SourceVersion "1"]
[SourceVersionDate "2014.11.20"]
[SourceQuality "1"]

1. e4 g6 2. d4 Bg7 3. Nf3 c5 4. dxc5 Qa5+ 5. c3 Qxc5 6. Be3 Qc7 7. Qb3 Nf6 8. Nbd2 0-0 9. h3 d6 10. Bc4 h6 11. Nh4 e6 12. 0-0 Nc6 13. Qc2 Bd7 14. Rad1 a6 15. Nhf3 Rac8 16. a3 b5 17. Be2 d5 18. exd5 Nxd5 19. Bc5 Rfd8 20. Ne4 Be8 21. Nd4 Nf4 22. b4 Nxd4 23. cxd4 Rxd4 24. Rxd4 Bxd4 25. Qd2 Bxc5 26. Nxc5 Qe5 27. Bf3 Qg5 28. Kh2 Nxh3 29. Qxg5 Nxg5 30. Bb7 Rd8 31. f4 Nh7 32. Bxa6 Bc6 33. Rf2 Nf6 34. Kh3 Rd4 35. g3 Kg7 36. Rb2 Nd7 37. Rc2 Nb8 38. a4 Rxb4 39. axb5 Bxb5 40. Bc8 Rc4 41. Rxc4 Bxc4 42. Ne4 Bd5 43. Nd6 Kf8 44. Bb7 Bxb7 45. Nxb7 Ke7 46. g4 Nd7 47. Kg3 e5 48. fxe5 Nxe5 49. Nc5 Nd7 50. Ne4 Ke6 51. Kf4 g5+ 52. Kf3 f5 53. gxf5+ Kxf5 54. Ng3+ Kg6 55. Ne4 h5 56. Kg3 Ne5 57. Nd6 h4+ 58. Kh3 Kh5 59. Ne4 g4+ 60. Kg2 Kg6 61. Nf2 Kf5 62. Nh1 Kf4 63. Nf2 g3 64. Nh3+ Kg4 65. Ng1 Nd3 66. Ne2 Nf4+ 0-1